00330nam a2200121Ia 4500008004100000041000800041082001500049100001600064245004500080260004100125300003100166365001100197240624s9999 xx 000 0 und d aeng a658.87 RAM aY RAMKISHEN aINTERNATIONAL RETAIL MARKETING STRATEGIE c2010aMumbaibJaico Publishing House axii, : 360 : p. : cm. ; 24 cRSb15